|
|
|
|
| LEADER |
01383nam a2200289 a 4500 |
| 001 |
21551380 |
| 008 |
091103s1989 maua b 001 0 eng d |
| 020 |
|
|
|a 9581700684
|
| 040 |
|
|
|a BID
|c BID
|d ZEM
|
| 082 |
0 |
0 |
|a 330.9172/4
|2 20
|
| 100 |
1 |
|
|a Otero, Mara̕
|
| 245 |
1 |
0 |
|a Breaking through :
|b the expansion of micro-enterprise programs as a challenge for non profit institutions \
|c Maria Otero
|
| 246 |
1 |
4 |
|a NGLS handbook for NGOs about UN agencies, programmes and funds working for economic and social development, human rights and humanitarian operations, and environmental conventions
|
| 260 |
|
|
|a Washington :
|b ACCION International,,
|c 1989.
|
| 300 |
|
|
|a 89 p. :
|b ill.
|c 24 cm.
|
| 490 |
0 |
|
|a Monograph series ;
|v no.4
|
| 500 |
|
|
|a "October, 1989"
|
| 504 |
|
|
|a Includes Bibliography (p. 87-89.)
|
| 541 |
1 |
|
|e 00004717
|
| 650 |
|
0 |
|a Informal sector (Economics)
|z Developing countries.
|
| 650 |
|
0 |
|a Small business
|z Developing countries.
|
| 650 |
|
0 |
|a Nonprofit organizations
|x Economic aspects
|z Developing countries
|
| 710 |
2 |
|
|a CCION International (Organization)
|
| 830 |
0 |
|
|a Monograph series (ACCION International (Organization)) ;
|v no.
|
| 852 |
4 |
|
|a Ayesha Abed Library
|j General Shelf
|
| 999 |
|
|
|c 5613
|d 5613
|
| 952 |
|
|
|0 0
|1 0
|2 ddc
|4 0
|6 330_917240000000000_OTE
|7 0
|9 5516
|a BRACUL
|b BRACUL
|c GEN
|d 2009-11-19
|g 1120.00
|l 0
|o 330.91724 OTE
|p 3010004717
|r 2009-11-19
|t 1
|v 2240.00
|w 2009-11-19
|y BK
|